Los Angeles Dodgers Managers by Picture - Statistics

General Stats
  • This quiz has been taken 48 times
  • The average score is 9 of 30
Answer Stats
Picture Hint Answer % Correct
2016-Present Dave Roberts
100%
1976-1996 Tommy Lasorda
100%
2008-2010 Joe Torre
92%
2011-2015 Don Mattingly
85%
1954-1976 Walter Alston
81%
1999-2000 Davey Johnson
62%
1939-1946 | 1948 Leo Durocher
58%
2001-2005 Jim Tracy
38%
1934-1936 Casey Stengel
35%
1996-1998 Bill Russell
31%
2006-2007 Grady Little
31%
1914-1931 Wilbert Robinson
31%
1951-1953 Chuck Dressen
19%
1947 | 1948-1950 Burt Shotton
15%
1906-1908 Patsy Donovan
15%
1998 Glenn Hoffman
12%
1898 Charles Ebbets
8%
1910-1913 Bill Dahlen
4%
1888-1890 Bill McGunnigle
4%
1897-1898 Billy Barnie
4%
1937-1938 Burleigh Grimes
4%
1885 Charlie Hackett
4%
1947 Clyde Sukeforth
4%
1893-1896 Dave Foutz
4%
1909 Harry Lumley
4%
1891-1892 John Montgomery Ward
4%
1932-1933 Max Carey
4%
1898 Mike Griffin
4%
1899-1905 Ned Hanlon
4%
1948 Ray Blades
4%
No matching quizzes found
Score Distribution
Percent of People with Each Score
Percentile by Number Answered
Your Score History
You have not taken this quiz